Central Library || Chittagong University

Civilization on trial and the world and the west ./ (Record no. 112584)

MARC details
000 -LEADER
fixed length control field 00479nam a22001697a 4500
003 - CONTROL NUMBER IDENTIFIER
control field BD-ChCU
005 - DATE AND TIME OF LATEST TRANSACTION
control field 20260503102148.0
008 - FIXED-LENGTH DATA ELEMENTS--GENERAL INFORMATION
fixed length control field 260503b bg ||||| |||| 00| 0 ben d
040 ## - CATALOGING SOURCE
Transcribing agency BD-ChCU
082 ## - DEWEY DECIMAL CLASSIFICATION NUMBER
Classification number 909.09 TOC
100 ## - MAIN ENTRY--PERSONAL NAME
Personal name Toynbee , Arnold .
9 (RLIN) 22208
245 ## - TITLE STATEMENT
Title Civilization on trial and the world and the west ./
Statement of responsibility, etc. Arnold , Toynbee.
260 ## - PUBLICATION, DISTRIBUTION, ETC.
Place of publication, distribution, etc. New York :
Name of publisher, distributor, etc. Meridian book ,
Date of publication, distribution, etc. C 1976
300 ## - PHYSICAL DESCRIPTION
Extent 348p.
650 #0 - SUBJECT ADDED ENTRY--TOPICAL TERM
Topical term or geographic name entry element Civilization .
9 (RLIN) 22211
942 ## - ADDED ENTRY ELEMENTS (KOHA)
Source of classification or shelving scheme Dewey Decimal Classification
Koha item type Books
Suppress in OPAC No
Holdings
Withdrawn status Lost status Source of classification or shelving scheme Damaged status Not for loan Home library Current library Shelving location Date acquired Source of acquisition Total Checkouts Full call number Barcode Date last seen Copy number Price effective from Koha item type
    Dewey Decimal Classification     Chittagong University Library Chittagong University Library Arts and Humanities Reading Room 05/03/2026 Purchase   909.09 TOC 107810 05/03/2026 C-1 05/03/2026 Books
    Dewey Decimal Classification     Chittagong University Library Chittagong University Library Arts and Humanities Reading Room 05/03/2026 Purchase   909.09 TOC 107811 05/03/2026 C-2 05/03/2026 Books
    Dewey Decimal Classification     Chittagong University Library Chittagong University Library Arts and Humanities Reading Room 05/03/2026 Purchase   909.09 TOC 107840 05/03/2026 C-3 05/03/2026 Books
© Copyright 2026. Chittagong University Library, Installation and Maintenance by Prof. Dr. Md. Alamgir, 01711306253